Οι εργάτες της θάλασσας
Αποθηκεύτηκε σε:
| Κύριος συγγραφέας: | |
|---|---|
| Άλλοι συγγραφείς: | |
| Μορφή: | Βιβλίο |
| Γλώσσα: | Greek French |
| Δημοσίευση: |
Αθήνα :
Σ.Ι. Ζαχαρόπουλος,
c1980.
|
| Σειρά: | Κλασική λογοτεχνία (Ζαχαρόπουλος)
33 |
| Θέματα: | |
| Ετικέτες: |
Προσθήκη ετικέτας
Δεν υπάρχουν, Καταχωρήστε ετικέτα πρώτοι!
|
MARC
| LEADER | 00000cam a2200000 i 4500 | ||
|---|---|---|---|
| 001 | 1/34115 | ||
| 008 | 941103s1980 gr | ||| |||| ||gre|| | ||
| 035 | |a 1989 |c ΔΩΡΕΑ |l 10039553 | ||
| 040 | |a GR-MyUa |b gre |e AACR2 | ||
| 041 | 1 | |a gre |h fre | |
| 082 | 7 | |a 843 |2 (22) | |
| 100 | 1 | |a Hugo, Victor, |d 1802-1885. | |
| 245 | 1 | 3 | |a Οι εργάτες της θάλασσας / |c Βικτορ Ουγκο ; μετάφραση Β. Λιάσκα. |
| 260 | |a Αθήνα : |b Σ.Ι. Ζαχαρόπουλος, |c c1980. | ||
| 300 | |a 542 σ. ; |c 18 εκ. | ||
| 490 | 1 | |a (Κλασικη λογοτεχνία ; |v 33) | |
| 650 | 0 | |a French fiction. | |
| 700 | 1 | |a Λιάσκας, Βασίλης, |d 1913- |e trl | |
| 765 | 0 | 8 | |i Μετάφραση του: |t Les travailleurs de la mer / |
| 830 | 0 | |a Κλασική λογοτεχνία (Ζαχαρόπουλος) |v 33 | |
| 852 | |a INST |b SAMOS |e 19941103 |h 843 HUG |p 005300000529 |q 005300000529 |t BK |y 0 | ||
| 852 | |a INST |b SAMOS |e 19941103 |h 843 HUG |p 005300008912 |q 005300008912 |t BK |y 0 | ||